[Event "C.to Provinciale MB"]
[Site "Ceriano Laghetto ITA"]
[Date "2014.01.21"]
[Round "1"]
[White "Moroni, Luca Jr"]
[Black "Pozzi, Luca"]
[WhiteElo "2253"]
[BlackElo "1701"]
[Result "1-0"]
[PlyCount "155"]
[EventDate "2014.01.21"]

1. Nf3 Nf6 2. c4 e6 3. g3 b6 4. Bg2 Bb7 5. O-O d6 6. Nc3 Be7 7. Re1 O-O 8. e4
Nbd7 9. d4 e5 10. d5 a5 11. a3 Nc5 12. b3 Bc8 13. Rb1 Bd7 14. Qc2 Qc8 15. b4
axb4 16. axb4 Na4 17. Bd2 Nxc3 18. Bxc3 Nh5 19. c5 Bh3 20. Bd2 Bxg2 21. Kxg2
bxc5 22. bxc5 Qg4 23. Rb7 Nf4+ 24. Bxf4 exf4 25. cxd6 Bxd6 26. e5 Ra3 27. Qe4
Qc8 28. Reb1 Bc5 29. Qxf4 Bb6 30. R7xb6 cxb6 31. Rxb6 Qc5 32. Qd4 Ra5 33. Qxc5
Rxc5 34. d6 Rd5 35. Rb4 Re8 36. Rd4 Rexe5 37. Rc4 Re8 38. Rc6 Rd8 39. h4 R5xd6
40. Rc2 f6 41. Rc7 R6d7 42. Rc5 h6 43. g4 Kf7 44. h5 Rd5 45. Rc6 R8d7 46. Nh4
Re5 47. Kg3 Rg5 48. f3 Rdd5 49. Rc7+ Ke6 50. Ng6 Rxg6 51. hxg6 Rd7 52. Rc3 Ke7
53. Rc4 Rd6 54. Kf4 Re6 55. Rc7+ Kf8 56. Rf7+ Kg8 57. Kg3 Re8 58. f4 Ra8 59.
Rb7 Re8 60. Kf3 Kh8 61. f5 Kg8 62. Kf4 Kh8 63. Rc7 Kg8 64. Ra7 Kh8 65. Rf7 Kg8
66. Rc7 Kh8 67. Rb7 Kg8 68. Ra7 Kh8 69. Ra6 Kg8 70. Re6 Rxe6 71. fxe6 Kf8 72.
Ke4 Ke8 73. Kd4 Kd8 74. Kc5 Ke7 75. Kd5 h5 76. gxh5 f5 77. h6 gxh6 78. g7 1-0

[Event "C.to Provinciale MB"]
[Site "Ceriano Laghetto ITA"]
[Date "2014.01.21"]
[Round "1"]
[White "Ronconi, Fausto"]
[Black "Lapiccirella, Daniele"]
[WhiteElo "1700"]
[BlackElo "2215"]
[Result "0-1"]
[PlyCount "50"]
[EventDate "2014.01.21"]

1. d4 d5 2. c4 e6 3. Nc3 c6 4. Bf4 dxc4 5. e3 b5 6. Qf3 a6 7. Bxb8 Rxb8 8.
Qxc6+ Qd7 9. Qxd7+ Bxd7 10. Nf3 Bd6 11. Be2 Nf6 12. O-O Bc6 13. Nd2 O-O 14. e4
Bf4 15. d5 Bxd2 16. dxc6 Bxc3 17. bxc3 Nxe4 18. Rac1 Rfc8 19. Bh5 g6 20. Rfe1
Nc5 21. Be2 Rxc6 22. Rb1 Rd8 23. Bf3 Rcd6 24. Re5 Na4 25. Re3 Rd3 0-1

[Event "C.to Provinciale MB"]
[Site "Ceriano Laghetto ITA"]
[Date "2014.01.21"]
[Round "1"]
[White "Veronelli, Franco"]
[Black "Cavalieri, Riccardo"]
[WhiteElo "1728"]
[BlackElo "1576"]
[Result "1-0"]
[PlyCount "95"]
[EventDate "2014.01.21"]

1. e4 c5 2. d4 d6 3. Nf3 cxd4 4. c3 dxc3 5. Nxc3 e6 6. Bc4 a6 7. O-O Be7 8. a4
Nc6 9. Be3 Nf6 10. Qe2 O-O 11. Rfd1 Qc7 12. Rac1 Bd7 13. h3 Rac8 14. Bf4 e5 15.
Bg5 Qb8 16. Bxf6 Bxf6 17. Nd5 Bd8 18. b4 Na7 19. Qa2 b5 20. axb5 Bxb5 21. Bxb5
axb5 22. Rxc8 Nxc8 23. Rc1 Nb6 24. Nd2 Bg5 25. Rc6 Nxd5 26. Qxd5 Bxd2 27. Qxd2
Rd8 28. Qe3 d5 29. Rb6 Qa7 30. Rxb5 Qxe3 31. fxe3 d4 32. exd4 exd4 33. Rd5 Rb8
34. Rxd4 f6 35. Kf2 Kf7 36. Ke3 Ke6 37. Kd3 Ke5 38. g3 g6 39. Rd5+ Ke6 40. Kc4
f5 41. exf5+ gxf5 42. b5 Rb7 43. Rc5 Rd7 44. b6 Rb7 45. Kb5 Rg7 46. Rc3 Kd6 47.
Ka6 Rg8 48. b7 1-0

[Event "C.to Provinciale MB"]
[Site "Ceriano Laghetto ITA"]
[Date "2014.01.21"]
[Round "1"]
[White "Viale, Fabio"]
[Black "Origgio, Stefano"]
[WhiteElo "1834"]
[BlackElo "1691"]
[Result "1-0"]
[PlyCount "85"]
[EventDate "2014.01.21"]

1. d4 Nf6 2. c4 e6 3. Nc3 Bb4 4. e3 O-O 5. Nf3 d5 6. a3 Bxc3+ 7. bxc3 c6 8. Bd3
dxc4 9. Bxc4 b5 10. Bd3 Nbd7 11. Qc2 a6 12. e4 h6 13. Bf4 Qb6 14. O-O Bb7 15.
Rfb1 c5 16. a4 c4 17. Bxc4 Bxe4 18. Bd3 Bxf3 19. gxf3 Qc6 20. Be4 Nxe4 21. fxe4
bxa4 22. Rxa4 Rfc8 23. Ra3 Nb6 24. Rba1 Nc4 25. R3a2 a5 26. f3 Ra6 27. Kh1 Rca8
28. Qg2 Kf8 29. Bc1 f5 30. Ba3+ Nxa3 31. Rxa3 fxe4 32. fxe4 R8a7 33. Qg6 Kg8
34. Rf1 Qd7 35. Rb3 Rc7 36. Rb8+ Rc8 37. Rxc8+ Qxc8 38. Rf7 Qf8 39. Rxf8+ Kxf8
40. d5 a4 41. dxe6 Kg8 42. Qf7+ Kh7 43. e7 1-0

[Event "C.to Provinciale MB"]
[Site "Ceriano Laghetto ITA"]
[Date "2014.01.21"]
[Round "1"]
[White "Visigalli, Cesare"]
[Black "Fusi, Claudio"]
[WhiteElo "1754"]
[BlackElo "1610"]
[Result "0-1"]
[PlyCount "38"]
[EventDate "2014.01.21"]

1. e4 e6 2. d4 d5 3. exd5 exd5 4. Nf3 c5 5. c3 Nc6 6. a3 cxd4 7. Nxd4 Bc5 8.
Nxc6 bxc6 9. Bd3 Nf6 10. h3 O-O 11. O-O Re8 12. Bg5 Qd6 13. Nd2 Bd7 14. Nf3 Ne4
15. Bxe4 Rxe4 16. Re1 Rxe1+ 17. Qxe1 Re8 18. Qd2 Bxh3 19. gxh3 Qg3+ 0-1

[Event "C.to Provinciale MB"]
[Site "Ceriano Laghetto ITA"]
[Date "2014.01.29"]
[Round "2"]
[White "Cavalieri, Riccardo"]
[Black "Ronconi, Fausto"]
[WhiteElo "1576"]
[BlackElo "1700"]
[Result "1/2-1/2"]
[PlyCount "99"]
[EventDate "2014.01.21"]

1. e4 e6 2. d4 d5 3. Nc3 dxe4 4. Nxe4 Nd7 5. Nf3 Ngf6 6. Nxf6+ Nxf6 7. Bf4 Be7
8. Bd3 O-O 9. O-O b6 10. c3 Bb7 11. Be2 c5 12. dxc5 Bxc5 13. Nd2 Ne4 14. Nxe4
Bxe4 15. Bf3 Bxf3 16. Qxf3 Qf6 17. Qg4 e5 18. Bg3 Rfe8 19. Qe4 Qe6 20. Rfe1 f6
21. b3 Rad8 22. Rad1 f5 23. Qe2 e4 24. Bf4 h6 25. Be3 Be7 26. Bd4 Bf6 27. Bxf6
Qxf6 28. c4 g5 29. Qc2 Qc6 30. Rxd8 Rxd8 31. Rd1 Rxd1+ 32. Qxd1 Kg7 33. f3 exf3
34. Qxf3 Qxf3 35. gxf3 Kf6 36. Kf2 Ke5 37. Ke3 a5 38. a3 h5 39. h3 g4 40. hxg4
hxg4 41. fxg4 fxg4 42. b4 g3 43. Kf3 Kd4 44. c5 bxc5 45. b5 Kd5 46. Kxg3 c4 47.
Kf2 a4 48. Ke3 Kc5 49. Ke4 Kxb5 50. Kd4 1/2-1/2

[Event "C.to Provinciale MB"]
[Site "Ceriano Laghetto ITA"]
[Date "2014.01.28"]
[Round "2"]
[White "Frigerio, Roberto"]
[Black "Mingolla, Patrizio"]
[WhiteElo "1754"]
[BlackElo "1624"]
[Result "1-0"]
[PlyCount "117"]
[EventDate "2014.01.21"]

1. e4 e5 2. Nf3 Nc6 3. Bb5 a6 4. Ba4 Bc5 5. Bxc6 dxc6 6. Nxe5 Qd4 7. Nd3 Qxe4+
8. Qe2 Qxe2+ 9. Kxe2 Bd6 10. Re1 Ne7 11. b3 O-O 12. Ba3 c5 13. Nxc5 Nc6 14. c3
b6 15. Ne4 Bxa3 16. Nxa3 Bf5 17. f3 Rfe8 18. d4 Bxe4 19. fxe4 Rxe4+ 20. Kd3
Ree8 21. Nc4 Rad8 22. Kc2 f6 23. d5 Rxe1 24. Rxe1 Rxd5 25. Re8+ Kf7 26. Rc8 Rd7
27. Nxb6 cxb6 28. Rxc6 Rb7 29. c4 Ke7 30. Rc8 Kd6 31. Re8 Kc6 32. b4 Rd7 33.
Re6+ Kb7 34. Kc3 Rc7 35. g4 Rd7 36. c5 Rc7 37. Rxb6+ Ka7 38. Kc4 Re7 39. Rd6
Re2 40. Rd7+ Kb8 41. a3 Re4+ 42. Rd4 Re3 43. Kd5 Rxa3 44. Kd6 Re3 45. Kd7 Rc3
46. Rd6 a5 47. Rb6+ Ka7 48. Kc6 axb4 49. Rxb4 Rc2 50. h4 Rc3 51. Kd6 Rd3+ 52.
Kc7 Ka6 53. c6 Ka5 54. Rb7 Rc3 55. Rb6 h5 56. gxh5 f5 57. Kb7 f4 58. c7 f3 59.
Rb1 1-0

[Event "C.to Provinciale MB"]
[Site "Ceriano Laghetto ITA"]
[Date "2014.01.28"]
[Round "2"]
[White "Fusi, Claudio"]
[Black "Viale, Fabio"]
[WhiteElo "1610"]
[BlackElo "1834"]
[Result "1/2-1/2"]
[PlyCount "55"]
[EventDate "2014.01.21"]

1. d4 Nf6 2. Nf3 b6 3. e3 Bb7 4. Nbd2 e6 5. Bd3 d5 6. Qe2 Be7 7. O-O O-O 8. c3
Nbd7 9. Bb5 c6 10. Ba6 Qc8 11. Bxb7 Qxb7 12. Ne5 Rac8 13. b4 c5 14. a3 cxd4 15.
cxd4 Rc7 16. b5 Nxe5 17. dxe5 Nd7 18. f4 f6 19. Qg4 f5 20. Qd1 Nc5 21. Nf3 a6
22. a4 axb5 23. axb5 Ra8 24. Bb2 Rxa1 25. Bxa1 Qa8 26. Nd4 Ra7 27. Nc6 Rc7 28.
Nd4 1/2-1/2

[Event "C.to Provinciale MB"]
[Site "Ceriano Laghetto ITA"]
[Date "2014.01.28"]
[Round "2"]
[White "Lapiccirella, Daniele"]
[Black "Veronelli, Franco"]
[WhiteElo "2215"]
[BlackElo "1728"]
[Result "1-0"]
[PlyCount "61"]
[EventDate "2014.01.21"]

1. d4 d5 2. c4 e6 3. Nc3 c5 4. cxd5 exd5 5. Nf3 Nc6 6. dxc5 d4 7. Na4 Bxc5 8.
Nxc5 Qa5+ 9. Qd2 Qxc5 10. a3 Be6 11. b4 Qc3 12. Bb2 Qxd2+ 13. Nxd2 Rd8 14. Nf3
a6 15. e3 Nf6 16. Nxd4 Nxd4 17. Bxd4 O-O 18. Be2 Rc8 19. O-O Bc4 20. Rfe1 Bxe2
21. Rxe2 Ne4 22. f3 Nc3 23. Rd2 Nb5 24. Bb6 Rc6 25. Bc5 Rfc8 26. Rad1 f6 27.
Rd8+ Rxd8 28. Rxd8+ Kf7 29. Rd7+ Kg6 30. Rxb7 Nc7 31. Kf2 1-0

[Event "C.to Provinciale MB"]
[Site "Ceriano Laghetto ITA"]
[Date "2014.01.28"]
[Round "2"]
[White "Origgio, Stefano"]
[Black "Monticelli, Francesco"]
[WhiteElo "1691"]
[BlackElo "1705"]
[Result "0-1"]
[PlyCount "70"]
[EventDate "2014.01.21"]

1. d4 d5 2. c4 c6 3. Nc3 Nf6 4. e3 e6 5. Nf3 Nbd7 6. Qc2 Bd6 7. b3 O-O 8. Be2
Re8 9. O-O Qc7 10. e4 e5 11. exd5 exd4 12. dxc6 bxc6 13. Na4 c5 14. Bd3 Bb7 15.
h3 Re7 16. Bg5 h6 17. Bxf6 Nxf6 18. Rae1 Rae8 19. Rxe7 Rxe7 20. Qd1 Qd7 21. Nb2
a5 22. Bc2 Ne4 23. Bxe4 Bxe4 24. Nd2 f5 25. Qh5 Bb7 26. Nd3 Be4 27. Nxe4 Rxe4
28. a4 Qe6 29. Qf3 Bc7 30. Nxc5 Qd6 31. g3 Qxc5 32. g4 Qe5 33. Rd1 fxg4 34.
hxg4 d3 35. Rxd3 Re1+ 0-1

[Event "C.to Provinciale MB"]
[Site "Ceriano Laghetto ITA"]
[Date "2014.01.28"]
[Round "2"]
[White "Regorda, Vittorio"]
[Black "Canciani, Alberto"]
[WhiteElo "1778"]
[BlackElo "1598"]
[Result "1-0"]
[PlyCount "53"]
[EventDate "2014.01.21"]

1. d4 e6 2. c4 c5 3. d5 e5 4. Nc3 d6 5. e4 h6 6. Bd3 Nf6 7. Nge2 g5 8. O-O Bg7
9. Ng3 O-O 10. Nf5 Bxf5 11. exf5 Nh7 12. Ne4 Qc7 13. Be3 Nd7 14. Qd2 f6 15. h4
Rad8 16. g3 Kf7 17. hxg5 hxg5 18. Kg2 Rh8 19. Rh1 Nb6 20. Rh2 Nf8 21. Rah1
Rxh2+ 22. Rxh2 Nc8 23. Bxg5 fxg5 24. Qxg5 Kg8 25. f6 Qf7 26. fxg7 Qxg7 27. Qxd8
1-0

[Event "C.to Provinciale MB"]
[Site "Ceriano Laghetto ITA"]
[Date "2014.01.28"]
[Round "2"]
[White "Squillante, Michele"]
[Black "Moroni, Luca Jr"]
[WhiteElo "1709"]
[BlackElo "2253"]
[Result "0-1"]
[PlyCount "74"]
[EventDate "2014.01.21"]

1. d4 d5 2. Nf3 Nf6 3. Bg5 Nbd7 4. Nbd2 e6 5. e3 Be7 6. Bd3 b6 7. c3 Bb7 8. O-O
h6 9. Bh4 O-O 10. Ne5 c5 11. f4 Rc8 12. Nxd7 Nxd7 13. Bxe7 Qxe7 14. Nf3 f5 15.
Qe2 c4 16. Bc2 b5 17. Ne5 Nxe5 18. fxe5 Bc6 19. a3 a5 20. Qd2 Ra8 21. Rfb1 Rfb8
22. b4 cxb3 23. Bxb3 Be8 24. Bd1 Rc8 25. Be2 Rab8 26. Rb2 Qc7 27. Rc1 Rb7 28.
Rbc2 Qc6 29. Bd3 Rbb8 30. Rb1 Qc7 31. Qe2 Qe7 32. Ra1 Rc7 33. h3 Bd7 34. Qd2
Rbc8 35. Kh2 h5 36. g3 g5 37. Kg2 Be8 0-1

[Event "C.to Provinciale MB"]
[Site "Ceriano Laghetto ITA"]
[Date "2014.01.28"]
[Round "2"]
[White "Zecca, Alberto"]
[Black "Visigalli, Cesare"]
[WhiteElo "1419"]
[BlackElo "1754"]
[Result "0-1"]
[PlyCount "36"]
[EventDate "2014.01.21"]

1. e4 e5 2. Nf3 Nc6 3. Bc4 Be7 4. O-O Nf6 5. Re1 O-O 6. c3 d6 7. d4 Bg4 8. b4
exd4 9. cxd4 Bxf3 10. gxf3 Nxb4 11. a3 Nc6 12. d5 Ne5 13. Bb2 Nxc4 14. Bc3 Qd7
15. Qb3 Ne5 16. Bd4 Qh3 17. Bxe5 dxe5 18. Kh1 Ng4 0-1

[Event "C.to Provinciale MB"]
[Site "Ceriano Laghetto ITA"]
[Date "2014.02.04"]
[Round "3"]
[White "Canciani, Alberto"]
[Black "Squillante, Michele"]
[WhiteElo "1598"]
[BlackElo "1709"]
[Result "1/2-1/2"]
[PlyCount "66"]
[EventDate "2014.01.21"]

1. e4 c6 2. c4 d5 3. e5 e6 4. d4 Bb4+ 5. Nc3 h6 6. Nf3 Ne7 7. a3 Bxc3+ 8. bxc3
Bd7 9. Bd2 O-O 10. Be2 dxc4 11. Bxc4 Nd5 12. Qc1 Ne7 13. Bd3 Nf5 14. g4 Nh4 15.
Be2 f5 16. g5 Nxf3+ 17. Bxf3 hxg5 18. Bxg5 Qa5 19. h4 Be8 20. h5 Nd7 21. h6 g6
22. Kf1 Kh7 23. Be2 c5 24. Be7 Rf7 25. Bd6 Nf8 26. Bxc5 Rc8 27. Bb4 Qd5 28. Rg1
Bb5 29. Qg5 Bxe2+ 30. Kxe2 Qe4+ 31. Qe3 Qc2+ 32. Qd2 Qe4+ 33. Qe3 Qc2+ 1/2-1/2

[Event "C.to Provinciale MB"]
[Site "Ceriano Laghetto ITA"]
[Date "2014.02.04"]
[Round "3"]
[White "Mingolla, Patrizio"]
[Black "Cavalieri, Riccardo"]
[WhiteElo "1624"]
[BlackElo "1576"]
[Result "1/2-1/2"]
[PlyCount "136"]
[EventDate "2014.01.21"]

1. d4 Nf6 2. c4 g6 3. Nc3 d5 4. e3 Bg7 5. Nf3 O-O 6. Be2 b6 7. a4 Ba6 8. cxd5
Bxe2 9. Qxe2 Nxd5 10. O-O Nxc3 11. bxc3 c5 12. Bb2 cxd4 13. cxd4 Nc6 14. Rfc1
Rc8 15. Ba3 Re8 16. Qb5 Qd7 17. Rab1 e6 18. Rb3 Nb8 19. Rbc3 Rxc3 20. Rxc3 Qxb5
21. axb5 Bf8 22. Bxf8 Kxf8 23. Rc7 Re7 24. Rc4 f6 25. Kf1 Kf7 26. Ke2 a6 27.
bxa6 Nxa6 28. Ra4 Nc7 29. Kd3 Nd5 30. Ra3 b5 31. Rb3 Rb7 32. Nd2 f5 33. g3 Ke7
34. Nf3 Kd6 35. Ne5 Nf6 36. f3 Nd7 37. Nf7+ Ke7 38. Ng5 h6 39. Nh3 g5 40. Nf2
e5 41. Nd1 Kd6 42. Nc3 Kc6 43. Na2 Kd6 44. Nb4 Nb6 45. Na6 Nc4 46. Nc5 Rb6 47.
Rb4 exd4 48. exd4 Ne5+ 49. Ke3 Nc6 50. Rb3 Kd5 51. Nd7 Rb7 52. Nf6+ Kc4 53. Rd3
Re7+ 54. Kd2 Re6 55. Rc3+ Kxd4 56. Rd3+ Kc5 57. Rd5+ Kb6 58. Rxf5 Rd6+ 59. Kc3
b4+ 60. Kc4 Rd4+ 61. Kb3 Rd3+ 62. Kc2 Rxf3 63. Nd5+ Kb7 64. Rxf3 Nd4+ 65. Kd3
Nxf3 66. Nxb4 Nxh2 67. Ke3 Nf1+ 68. Kf3 Nxg3 1/2-1/2

[Event "C.to Provinciale MB"]
[Site "Ceriano Laghetto ITA"]
[Date "2014.02.04"]
[Round "3"]
[White "Monticelli, Francesco"]
[Black "Pozzi, Luca"]
[WhiteElo "1705"]
[BlackElo "1701"]
[Result "1-0"]
[PlyCount "55"]
[EventDate "2014.01.21"]

1. e4 c5 2. c3 g6 3. Nf3 Bg7 4. d4 cxd4 5. cxd4 d5 6. e5 Nc6 7. h3 Nh6 8. Bb5
O-O 9. O-O Nf5 10. Re1 f6 11. Bf4 Qb6 12. Bxc6 Qxc6 13. Qd2 g5 14. Bh2 h5 15.
Rc1 Qd7 16. Qd3 Bh6 17. exf6 exf6 18. Rc7 Qe6 19. Nc3 Re8 20. g4 hxg4 21. hxg4
Ne7 22. Re1 Qf7 23. Bd6 Bf8 24. Nxd5 Qxd5 25. Bxe7 f5 26. Nxg5 Qa5 27. Qb3+ Kg7
28. Qf7+ 1-0

[Event "C.to Provinciale MB"]
[Site "Ceriano Laghetto ITA"]
[Date "2014.02.04"]
[Round "3"]
[White "Ronconi, Fausto"]
[Black "Zecca, Alberto"]
[WhiteElo "1700"]
[BlackElo "1419"]
[Result "1-0"]
[PlyCount "71"]
[EventDate "2014.01.21"]

1. d4 e6 2. c4 d5 3. Nc3 Nf6 4. Bg5 Nbd7 5. e3 Be7 6. Nf3 c5 7. dxc5 Nxc5 8.
cxd5 Nxd5 9. Bxe7 Kxe7 10. Nxd5+ Qxd5 11. Qxd5 exd5 12. Rc1 b6 13. Bb5 Rd8 14.
O-O Be6 15. Nd4 Kf8 16. b4 a6 17. bxc5 axb5 18. cxb6 Bd7 19. Nc6 Bxc6 20. Rxc6
Rab8 21. Rb1 Rdc8 22. Rxc8+ Rxc8 23. b7 Rb8 24. Rxb5 Ke8 25. a4 Kd7 26. Rxd5+
Kc6 27. Rd4 Rxb7 28. g4 h6 29. h4 f6 30. Kg2 Rd7 31. Rxd7 Kxd7 32. Kf3 Kc6 33.
Ke4 Kc5 34. Kf5 Kb4 35. Kg6 Kxa4 36. Kxg7 1-0

[Event "C.to Provinciale MB"]
[Site "Ceriano Laghetto ITA"]
[Date "2014.02.04"]
[Round "3"]
[White "Stagno, Roberto"]
[Black "Frigerio, Roberto"]
[WhiteElo "1440"]
[BlackElo "1754"]
[Result "0-1"]
[PlyCount "110"]
[EventDate "2014.01.21"]

1. e4 c5 2. Nc3 e6 3. Nf3 Nf6 4. e5 Ng4 5. h3 Nh6 6. d3 Qc7 7. Bxh6 gxh6 8. Ne4
b6 9. Qd2 Nc6 10. Nd6+ Bxd6 11. exd6 Qxd6 12. Qxh6 Bb7 13. Qf6 Rg8 14. Ng5 Qe5+
15. Ne4 Qc7 16. O-O-O d5 17. Ng3 Qe7 18. Qh6 f5 19. Re1 Kd7 20. Nxf5 Qg5+ 21.
Qxg5 Rxg5 22. Ne3 Rf8 23. f3 d4 24. Ng4 h5 25. Nf2 Ne7 26. Ne4 Rg6 27. Rg1 h4
28. Be2 Nf5 29. a4 a5 30. Kd2 Bxe4 31. fxe4 Ne3 32. Bf3 Rfg8 33. Rxe3 dxe3+ 34.
Kxe3 Rg3 35. Kf2 Kd6 36. Re1 Ke5 37. Re3 Rd8 38. b3 Rb8 39. c3 b5 40. d4+ cxd4
41. cxd4+ Kd6 42. e5+ Ke7 43. axb5 Rxb5 44. Rc3 Rb7 45. Ke2 Kd8 46. Kd2 Rc7 47.
Rc4 Rxc4 48. bxc4 Rg7 49. Kc3 Rd7 50. d5 exd5 51. cxd5 Rc7+ 52. Kb3 Rc5 53. e6
Kc7 54. Ka4 Kd6 55. Ka3 Rc4 {...} 0-1

[Event "C.to Provinciale MB"]
[Site "Ceriano Laghetto ITA"]
[Date "2014.02.04"]
[Round "3"]
[White "Veronelli, Franco"]
[Black "Fusi, Claudio"]
[WhiteElo "1728"]
[BlackElo "1610"]
[Result "0-1"]
[PlyCount "58"]
[EventDate "2014.01.21"]

1. e4 e6 2. d4 d5 3. exd5 exd5 4. c4 dxc4 5. Bxc4 c5 6. Ne2 Nf6 7. Nbc3 Nc6 8.
d5 Ne5 9. O-O Nxc4 10. Qa4+ Qd7 11. Qxc4 Be7 12. Bf4 Bd6 13. Bxd6 Qxd6 14. Nb5
Qb6 15. d6 O-O 16. Nc7 Rb8 17. Rfd1 Rd8 18. Nf4 Rxd6 19. Nfd5 Nxd5 20. Nxd5 Qd8
21. Qxc5 Kh8 22. Qxa7 Be6 23. Nc3 Qc7 24. Rxd6 Qxd6 25. Rd1 Qc7 26. Qd4 h6 27.
Qd6 Qxd6 28. Rxd6 Re8 29. Kf1 Bc4+ 0-1

[Event "C.to Provinciale MB"]
[Site "Ceriano Laghetto ITA"]
[Date "2014.02.04"]
[Round "3"]
[White "Viale, Fabio"]
[Black "Regorda, Vittorio"]
[WhiteElo "1834"]
[BlackElo "1778"]
[Result "1-0"]
[PlyCount "117"]
[EventDate "2014.01.21"]

1. d4 d5 2. c4 c6 3. Nf3 Nf6 4. Nc3 a6 5. a4 Bf5 6. Bf4 e6 7. Qb3 Ra7 8. h3
Nbd7 9. cxd5 exd5 10. e3 Qa5 11. Be2 Bb4 12. O-O O-O 13. Na2 Be7 14. Nh4 Be4
15. Nc3 Bg6 16. Nxg6 hxg6 17. Qc2 Bb4 18. Na2 Be7 19. Rfb1 Ne4 20. b4 Qd8 21.
Nc3 Nxc3 22. Qxc3 Nf6 23. Bf3 Bd6 24. Bxd6 Qxd6 25. Qc5 Qb8 26. Rc1 Rc8 27. Qc2
b6 28. Rcb1 Qd6 29. Qd2 Re7 30. Qd3 b5 31. Qb3 Ne4 32. Bxe4 Rxe4 33. a5 Rce8
34. Rc1 R4e6 35. Rc3 Qd7 36. Rac1 Rd6 37. Qc2 Ree6 38. Rc5 Rf6 39. Qd3 g5 40.
Qe2 Rg6 41. Qg4 f5 42. Qg3 Qe7 43. Qe5 Qf7 44. Qg3 g4 45. hxg4 Rxg4 46. Qxd6
Qh5 47. Rxc6 Rh4 48. Qxd5+ Kh7 49. g3 Qg5 50. Qg2 Rg4 51. Kf1 Qh5 52. Ke1 Qg5
53. Qh1+ Kg8 54. Rc8+ Kf7 55. R1c7+ Kg6 56. Rc6+ Kf7 57. R8c7+ Kg8 58. Qd5+ Kh7
59. Rc8 1-0

[Event "C.to Provinciale MB"]
[Site "Ceriano Laghetto ITA"]
[Date "2014.02.11"]
[Round "4"]
[White "Canciani, Alberto"]
[Black "Ronconi, Fausto"]
[WhiteElo "1598"]
[BlackElo "1700"]
[Result "0-1"]
[PlyCount "26"]
[EventDate "2014.01.21"]

1. e4 e6 2. Nf3 d5 3. e5 c5 4. Bb5+ Nc6 5. O-O Bd7 6. a4 a6 7. Be2 Qc7 8. d4
cxd4 9. Nxd4 Nxe5 10. Nc3 Bd6 11. f4 Nc6 12. g3 Nxd4 13. Qxd4 Bc5 0-1

[Event "C.to Provinciale MB"]
[Site "Ceriano Laghetto ITA"]
[Date "2014.02.11"]
[Round "4"]
[White "Fusi, Claudio"]
[Black "Moroni, Luca Jr"]
[WhiteElo "1610"]
[BlackElo "2253"]
[Result "0-1"]
[PlyCount "86"]
[EventDate "2014.01.21"]

1. d4 d5 2. Nf3 Nf6 3. e3 c5 4. dxc5 Nc6 5. c3 a5 6. Nbd2 e6 7. Bd3 Bxc5 8. Qe2
O-O 9. O-O b6 10. e4 Bb7 11. e5 Nd7 12. Re1 Be7 13. Nd4 Ncxe5 14. Bb5 Bc5 15.
N2b3 Ng6 16. Nxe6 fxe6 17. Qxe6+ Rf7 18. Nd4 Qf6 19. Qxf6 Nxf6 20. Bd2 Ne4 21.
Re2 Ba6 22. a4 Bxb5 23. axb5 Bxd4 24. cxd4 Rc8 25. f3 Nxd2 26. Rxd2 Re7 27. Kf2
Kf7 28. Re1 Rxe1 29. Kxe1 Nf4 30. Kf2 Rc4 31. g3 Ne6 32. Ke3 Rb4 33. f4 Rxb5
34. f5 Rb3+ 35. Rd3 Rxd3+ 36. Kxd3 Ng5 37. Ke3 Kf6 38. g4 b5 39. h4 Ne4 40. Kf4
h6 41. Ke3 a4 42. Kd3 b4 43. Kc2 Nf2 0-1

[Event "C.to Provinciale MB"]
[Site "Ceriano Laghetto ITA"]
[Date "2014.02.11"]
[Round "4"]
[White "Lapiccirella, Daniele"]
[Black "Viale, Fabio"]
[WhiteElo "2215"]
[BlackElo "1834"]
[Result "1-0"]
[PlyCount "27"]
[EventDate "2014.01.21"]

1. d4 Nf6 2. c4 e6 3. Nc3 Bb4 4. Nf3 c5 5. g3 Nc6 6. d5 Bxc3+ 7. bxc3 exd5 8.
cxd5 Ne7 9. d6 Nf5 10. Bh3 Nh6 11. Bxh6 gxh6 12. Qd2 Qa5 13. O-O c4 14. Qe3+
1-0

[Event "C.to Provinciale MB"]
[Site "Ceriano Laghetto ITA"]
[Date "2014.02.11"]
[Round "4"]
[White "Pozzi, Luca"]
[Black "Stagno, Roberto"]
[WhiteElo "1701"]
[BlackElo "1440"]
[Result "0-1"]
[PlyCount "102"]
[EventDate "2014.01.21"]

1. e4 e6 2. d4 c5 3. c3 cxd4 4. cxd4 Nc6 5. Nf3 d5 6. e5 Bb4+ 7. Nc3 h6 8. Be2
Nge7 9. O-O Bxc3 10. bxc3 a6 11. c4 dxc4 12. Bxc4 b5 13. Bb3 Nf5 14. d5 exd5
15. Bxd5 Nfe7 16. Bb3 O-O 17. h3 Na5 18. Bf4 Nxb3 19. axb3 Be6 20. Nd4 Qd5 21.
Nxe6 Qxe6 22. Re1 Rfd8 23. Qf3 Rd5 24. Rad1 Rad8 25. Rxd5 Rxd5 26. Qc3 Nc6 27.
Ra1 Nd4 28. Qb2 g5 29. Bg3 Qc6 30. Kh1 Nf5 31. Rc1 Nxg3+ 32. fxg3 Qe6 33. Qc3
Rxe5 34. Qc8+ Qxc8 35. Rxc8+ Kg7 36. Ra8 Re6 37. g4 Kf6 38. Ra7 Kg6 39. g3 f5
40. gxf5+ Kxf5 41. Kg2 Ke4 42. Rd7 Ke3 43. Rd1 Rf6 44. Re1+ Kd2 45. Re7 Kc3 46.
Re3+ Kb4 47. Rd3 Ka3 48. Re3 b4 49. Rd3 a5 50. Rf3 Rxf3 51. Kxf3 Kxb3 0-1

[Event "C.to Provinciale MB"]
[Site "Ceriano Laghetto ITA"]
[Date "2014.02.11"]
[Round "4"]
[White "Squillante, Michele"]
[Black "Monticelli, Francesco"]
[WhiteElo "1709"]
[BlackElo "1705"]
[Result "1-0"]
[PlyCount "141"]
[EventDate "2014.01.21"]

1. d4 d5 2. Nf3 Nf6 3. Bg5 c6 4. Nbd2 e6 5. c3 Bd6 6. e3 Nbd7 7. Bd3 O-O 8. O-O
c5 9. e4 dxe4 10. Nxe4 Be7 11. dxc5 Nxc5 12. Nxc5 Bxc5 13. Qc2 Be7 14. Bxf6
Bxf6 15. Bxh7+ Kh8 16. Bd3 b6 17. Rad1 Qc7 18. Qe2 g6 19. Be4 Rb8 20. Nd4 a6
21. Nc6 Ra8 22. Qf3 Kg7 23. Nb4 Rh8 24. h3 Rb8 25. Rd2 a5 26. Nc6 Bb7 27. Nxb8
Bxe4 28. Qxe4 Rxb8 29. Rfd1 Rd8 30. Rxd8 Bxd8 31. Qd4+ Bf6 32. Qd6 Qb7 33. Rd3
Qe4 34. Rd1 Qc2 35. Qd2 Qe4 36. Qd3 Qc6 37. a3 Qa4 38. g3 Qb3 39. Rd2 Qa2 40.
Re2 Qb3 41. Qc2 Qb5 42. c4 Qc5 43. Qd3 Kh7 44. a4 Kg7 45. b3 Qb4 46. h4 Qc5 47.
Qd7 Qf5 48. Re3 Qg4 49. Qc6 Bd4 50. Qf3 Qh3 51. Re4 e5 52. Qd3 Qf5 53. Rxd4
exd4 54. Qxd4+ Kh7 55. Qxb6 Qe5 56. Qe3 Qa1+ 57. Kg2 Qd1 58. Qf3 Qd7 59. c5 Kg7
60. c6 Qd6 61. Qc3+ Kf8 62. Qc4 Qc7 63. Qd5 Ke7 64. Kf3 f5 65. Qc5+ Ke6 66. Ke3
Kf6 67. f4 Ke6 68. Kd4 Qd8+ 69. Kc4 Qd1 70. Qe5+ Kf7 71. Qd5+ 1-0

[Event "C.to Provinciale MB"]
[Site "Ceriano Laghetto ITA"]
[Date "2014.02.11"]
[Round "4"]
[White "Zecca, Alberto"]
[Black "Mingolla, Patrizio"]
[WhiteElo "1419"]
[BlackElo "1624"]
[Result "0-1"]
[PlyCount "124"]
[EventDate "2014.01.21"]

1. e4 e5 2. Nf3 Nc6 3. Bb5 a6 4. Ba4 b5 5. Bb3 Bc5 6. c3 Nf6 7. d4 exd4 8. cxd4
Bb4+ 9. Nc3 Nxe4 10. Qe2 d5 11. O-O Bxc3 12. bxc3 O-O 13. Bb2 Re8 14. Qd1 Bg4
15. Bc2 Qf6 16. Qd3 Bxf3 17. gxf3 Ng5 18. Kg2 Qe6 19. f4 Qe4+ 20. Qxe4 Nxe4 21.
Rae1 Nf6 22. Rd1 Na5 23. Bd3 c6 24. Ba3 Nb7 25. f3 Rad8 26. Kh1 Nh5 27. Bc1 Nd6
28. f5 h6 29. Rg1 Kh8 30. Bd2 Nf6 31. Rg3 Nc4 32. Bc1 a5 33. Rdg1 Rg8 34. Rh3
Kh7 35. Rh4 Rde8 36. Rh3 Re7 37. Rhg3 Rc7 38. Re1 Nb6 39. Bf4 Rd7 40. Reg1 Rb7
41. Be5 Nbd7 42. Bf4 c5 43. Be5 c4 44. Bb1 Rb6 45. a3 Kh8 46. Bf4 Nh5 47. Rg4
Nxf4 48. Rxf4 Rf6 49. Rfg4 Nb6 50. R4g2 Nc8 51. Re2 Nd6 52. Rge1 Nxf5 53. Re8
Nd6 54. R8e5 g6 55. Rxd5 Kg7 56. Kg2 Rc8 57. Rde5 Rc7 58. Rc5 Rxc5 59. dxc5 Nb7
60. Be4 Nxc5 61. Bd5 Nd3 62. Re7 Nf4+ 0-1